The Guinness book of records 1994

Bibliographic Details
Other Authors: Matthews, Peter
Format: Book
Published: Australia : Guiness Publishing , 1993
Subjects:

MARC

LEADER 00000cam a2200000 7i4500
001 0000002406
002 000002622
005 20000330.0
020 |a 0851125123 
090 0 0 |a 031.02   |b GUI 
245 0 4 |a The Guinness book of records 1994   |c edited by Peter Matthews 
260 |a Australia :   |b Guiness Publishing ,   |c 1993 
300 |a 310p. :   |b ill. ;   |c 30cm. 
650 0 0 |a Records of achievement   |x Collection   |x Serials 
700 1 |a Matthews, Peter 
999 |a 035971   |b BUKU   |c RUJUKAN   |e PERPUSTAKAAN KOMUNITI PETALING JAYA 
999 |a 036620   |b BUKU   |c PINJAMAN   |e PERPUSTAKAAN KOMUNITI PETALING JAYA